000 00912nam a2200229Ia 4500
001 15723
003 GE_BSU
008 181216s||||||||xx |||||||||||||| ||und||
040 _cGE_BSU
080 _a821.353.1 + 821.353.1-92 + 821.353.1-7
100 _aწერეთელი, ა. (აკაკი, 1840-1915)
245 _aთხზულებანი : სრული კრებული 7 ტომად. ტ. 7
245 _bპუბლიცისტიკა, ფელეტონი
245 _cსოლომონ ხუციშვილის რედ. მხ. ლ. გრიგოლია
260 _aთბილისი
260 _bსაბჭ. საქართველო
260 _c1959
300 _a862 გვ..25 სმ
653 _aთხზულებანი
653 _aპუბლიცისტიკა, ფელეტონი
942 _cBK
999 _c48821
_d48821